In plain sight 2 maps - Statistics

General Stats
  • This quiz has been taken 152 times
    8 since last reset
  • The average score is 8 of 9
Answer Stats
Map % Correct
Bank
100%
Farm
100%
Mall
100%
Mansion
100%
Museum
100%
Complex
80%
Police station
80%
Restaurant
80%
Warehouse
40%
No matching quizzes found
Score Distribution
Percent of People with Each Score
Percentile by Number Answered
Your Score History
You have not taken this quiz since the last reset